| 000 | 00739cam a22002533a 4500 | ||
|---|---|---|---|
| 001 | 15464 | ||
| 003 | PGUSA | ||
| 005 | 20140828083330.0 | ||
| 008 | 050325s2005||||xxu|||||s|||||000 | eng d | ||
| 040 |
_aPGUSA _beng |
||
| 042 | _adc | ||
| 050 | 4 | _aTX | |
| 100 | 1 |
_aGoudiss, C. Houston _q(Charles Houston), _d1880- |
|
| 245 | 1 | 0 |
_aFoods That Will Win The War And How To Cook Them (1918) _h[electronic resource] / _cC. Houston Goudiss |
| 260 |
_bProject Gutenberg, _c2005 |
||
| 506 | _aPublic domain in the USA. | ||
| 516 | _aElectronic text | ||
| 653 | _aMenus | ||
| 653 | _aCooking, American | ||
| 653 | _aFood conservation | ||
| 830 | 0 |
_aProject Gutenberg _v15464 |
|
| 856 | 4 | 0 | _uhttp://www.gutenberg.org/ebooks/15464 |
| 942 | _cEB | ||
| 999 |
_c244719 _d244719 |
||